| 000 | 01050nam a2200241 4500 | ||
|---|---|---|---|
| 001 | 1578 | ||
| 003 | BR-CuiBMT | ||
| 005 | 20231215232548.0 | ||
| 008 | 231215s2013 mtba 000 0 por d | ||
| 040 |
_aBR-CuiBMT _cBR-CuiBMT |
||
| 080 |
_a351.712.2.025 _x(817.2) _22007 |
||
| 090 |
_a351.712.2.025(817.2) _bC966p |
||
| 110 | 1 |
_aCuiabá (MT). _bPrefeitura. |
|
| 245 | 1 | 0 |
_aPlano estratégico : _bmunicípio de Cuiabá : 2013 - 2023 / _ccoordenação geral Guilherme Frederico Müller ... [et al.] ; colaboração Adilson dos Reis Silva ... [et al.]. |
| 246 | 1 | 4 |
_aPlano estratégico : _bmunicípio de Cuiabá : 2013 - 2023 : Cuiabá capital do Pantanal e do agronegócio |
| 260 |
_aCuiabá : _bPrefeitura Municipal de Cuiabá, _c2013. |
||
| 300 |
_a67 p. : _bil. color. ; _c30 cm |
||
| 500 | _aVários colaboradores. | ||
| 610 | 1 |
_aCuiabá (MT). _bPrefeitura _xPlano estratégico |
|
| 650 |
_aPlanejamento estratégico _xPrefeitura municipal _zCuiabá (MT) _y2013-2023 |
||
| 700 | 1 |
_aMüller, Guilherme Frederico _eet al. _ecoordenadores |
|
| 942 |
_2udc _cLV |
||
| 999 |
_c1578 _d1578 |
||